Where is Max? / (Record no. 2684)

MARC details
000 -LEADER
fixed length control field 00906cam a2200277 a 4500
005 - DATE AND TIME OF LATEST TRANSACTION
control field 20240111133335.0
020 ## - INTERNATIONAL STANDARD BOOK NUMBER
International Standard Book Number 9780516270777
040 ## - CATALOGING SOURCE
Original cataloging agency DLC
Transcribing agency DLC
Language of cataloging eng
050 00 - LIBRARY OF CONGRESS CALL NUMBER
Classification number PZ73.P43
Item number 2000
082 00 - DEWEY DECIMAL CLASSIFICATION NUMBER
Classification number 463.21
100 1# - MAIN ENTRY--PERSONAL NAME
Personal name Pearson, Mary
Fuller form of name Mary E
245 10 - TITLE STATEMENT
Title Where is Max? /
Statement of responsibility, etc. by Mary E. Pearson ; illustrated by Samanatha L. Walker.
250 ## - EDITION STATEMENT
Edition statement Printed in China
260 ## - PUBLICATION, DISTRIBUTION, ETC.
Place of publication, distribution, etc. New York :
Name of publisher, distributor, etc. Scholastic,
Date of publication, distribution, etc. 2000
300 ## - PHYSICAL DESCRIPTION
Extent 23 pages :
Other physical details color illustrations ;
Dimensions 19 cm.
505 ## - FORMATTED CONTENTS NOTE
Formatted contents note C <br/>
520 ## - SUMMARY, ETC.
Summary, etc. When the class gerbil escapes from his cage, the children look everywhere for it and find a way to get it to return home.
521 ## - TARGET AUDIENCE NOTE
Target audience note 140 <br/>
Source Lexile <br/>
521 ## - TARGET AUDIENCE NOTE
Target audience note C <br/>
Source Raz-Plus <br/>
650 #1 - SUBJECT ADDED ENTRY--TOPICAL TERM
Topical term or geographic name entry element Gerbils
Form subdivision Fiction.
650 #1 - SUBJECT ADDED ENTRY--TOPICAL TERM
Topical term or geographic name entry element Schools
Form subdivision Fiction.
700 1# - ADDED ENTRY--PERSONAL NAME
Personal name Walker, Samantha
Relator term illustrator
906 ## - LOCAL DATA ELEMENT F, LDF (RLIN)
a 7
b cbc
c orignew
d 1
e ocip
f 19
g y-gencatlg
942 ## - ADDED ENTRY ELEMENTS (KOHA)
Source of classification or shelving scheme Dewey Decimal Classification
Koha item type Books
Suppress in OPAC No
999 ## -
-- 2684
-- 2684
Holdings
Withdrawn status Lost status Source of classification or shelving scheme Damaged status Not for loan Collection Home library Current library Shelving location Date acquired Total Checkouts Full call number Barcode Date last seen Date last checked out Price effective from Koha item type Copy number
    Dewey Decimal Classification     Juvenile Fiction Footprints International School Library Network Toul Kork Campus Footprints International School Library Network Toul Kork Campus TK Primary Library Room(4th Floor), Bookcase 7, Shelves 57-60, Dark Green Books 11/18/2024   PEA 567.9 PZ7.B2848 FISTK03227 11/18/2024   11/18/2024 Books 2
    Dewey Decimal Classification     Juvenile Fiction Footprints International School Library Network Toul Kork Campus Footprints International School Library Network Toul Tom Poung Campus   01/09/2024 3 PEA 567.9 PZ7.B2848 FISTK03254 10/07/2025 09/29/2025 01/09/2024 Books